00295nam a2200121Ia 4500008004100000041000900041082001800050100003100068245002500099260003400124300000700158650000800165230718s9999 xx 000 0 und d aEng. a338.73bABB-P aAbbasi, Prof. Dr. Muhammad 0aPartnership Act 1952 aPakistanblaw fublisherc2004 a17 aLaw